000 00350 a2200133 4500
000 nam a22 7a 4500
100 _aChatterjee, Jaivrat
110 _aChatterjee, Jaivrat
245 _aRamayan Ki Shrestha Kahaniyan
250 _aLatest edition
260 _bSamsamyik Publisher
_c2025
264 _bSamsamyik Publisher
_c2025
942 _cBK
999 _c395916
_d395916